CHIGNAHUAPAN : (Registro nro. 48690)
[ vista simple ]
| 000 -LEADER | |
|---|---|
| fixed length control field | 00901nam a2200217 a 4500 |
| 001 - CONTROL NUMBER | |
| control field | 48690 |
| 005 - DATE AND TIME OF LATEST TRANSACTION | |
| control field | 20180714033103.0 |
| 008 - FIXED-LENGTH DATA ELEMENTS--GENERAL INFORMATION | |
| fixed length control field | 140415s2003 mx 000 0 spa d |
| 020 ## - INTERNATIONAL STANDARD BOOK NUMBER | |
| International Standard Book Number | 9688636738 |
| 041 ## - LANGUAGE CODE | |
| Language code of text/sound track or separate title | spa |
| 082 ## - DEWEY DECIMAL CLASSIFICATION NUMBER | |
| Classification number | 972.48 |
| Item number | KUR |
| 100 1# - MAIN ENTRY--PERSONAL NAME | |
| Personal name | Kuri Camacho, Ramón,. |
| 245 10 - TITLE STATEMENT | |
| Title | CHIGNAHUAPAN : |
| Remainder of title | VOCES Y MIRADAS DE SU HISTORIA |
| 250 ## - EDITION STATEMENT | |
| Edition statement | 4ed. |
| 260 ## - PUBLICATION, DISTRIBUTION, ETC. | |
| Place of publication, distribution, etc. | MEXICO : |
| Name of publisher, distributor, etc. | BENEMERITA UNIVERSIDAD AUTONOMA DE PUEBLA, |
| Date of publication, distribution, etc. | 2003 |
| 300 ## - PHYSICAL DESCRIPTION | |
| Extent | 412 |
| Dimensions | 14 x 3 x 21 |
| 490 ## - SERIES STATEMENT | |
| Series statement | PUEBLA |
| 500 ## - GENERAL NOTE | |
| General note | COLECCIÓN PUEBLA |
| 520 ## - SUMMARY, ETC. | |
| Summary, etc. | LA PRESENTE OBRA CORRIGE Y AUMENTA CONSIDERABLEMENTE LAS EDICIONES DE 1985 Y 1996 CON UNA RICA Y ABUNDANTE INFORMACIÓN. INFORMACIÓN QUE CUBRE AMPLIAS LAGUNAS HISTOGRÁFICAS, PROFUNDIZA LAS EDICIONES ANTERIORES Y PRETENDE CONVERTIRSE EN OBRA DEFINITIVA QUE ABRA NUEVOS HORIZONTES Y PERSPRECTIVAS. |
| 650 14 - SUBJECT ADDED ENTRY--TOPICAL TERM | |
| Topical term or geographic name entry element | CHIGNAHUAPAN (PUEBLA) |
| General subdivision | HISTORIA |
| Withdrawn status | Lost status | Source of classification or shelving scheme | Damaged status | Not for loan | Collection code | Home library | Current library | Shelving location | Date acquired | Source of acquisition | Inventory number | Total Checkouts | Full call number | Barcode | Date last seen | Price effective from | Koha item type |
|---|---|---|---|---|---|---|---|---|---|---|---|---|---|---|---|---|---|
| Dewey Decimal Classification | Consulta en sala | Puebla | Biblioteca Karol Wojtyla | Biblioteca Karol Wojtyla | Área de silencio | 03/12/2013 | Compra | 151000000000000000073151 | 972.48 KUR | 72721 | 05/01/2026 | 03/12/2013 | Libro |